| 000 | 01176nam a2200313 a 4500 | ||
|---|---|---|---|
| 001 | 000109537 | ||
| 003 | CHAP | ||
| 005 | 20220329144054.0 | ||
| 008 | 140508s2014 mx sm |||||||spa d | ||
| 010 | _a105999 | ||
| 011 | _a106971 | ||
| 040 | _cCHAP | ||
| 090 | _aTesis | ||
| 100 | 1 |
_aValencia Trejo, Guadalupe Monserrat _9126786 |
|
| 245 | 1 | 0 |
_aDiversidad de aves en el Campus Central de la Universidad Autónoma Chapingo, Texcoco, Estado de México _h[En línea] _cpor Guadalupe Monserrat Valencia Trejo. |
| 260 |
_aChapingo, Méx. : _bEl autor, _c2014. |
||
| 500 | _aPara ver el contenido del material haga clic en la liga | ||
| 502 | _aTesis (Ing. Agr. Esp. en Recursos Naturales Renovables) -- UACH. Departamento de Suelos | ||
| 590 |
_aBATCH-UPD _b05 _c20141002 _lUCH01 _h0903 |
||
| 590 |
_aE5765TAJ _b05 _c20140508 _lUCH01 _h1133 |
||
| 590 |
_aE5765TAJ _b05 _c20140508 _lUCH01 _h1133 |
||
| 650 | 1 | 4 |
_aAves _xFisiología y morfología. _98608 |
| 650 | 1 | 4 |
_aAves _xHábitos y conducta. _98611 |
| 650 | 1 | 4 |
_aAves _xIdentificación. _98612 |
| 856 |
_aFinding aid _uhttp://10.13.5.2/tesis/sist109537.pdf _zTeclea aquí |
||
| 901 | _aBK | ||
| 942 | _cTESIS | ||
| 942 | _n0 | ||
| 999 |
_c105999 _d105999 |
||